000 00519nam a2200181Ia 4500
003 IN-BaIIA
008 211028s9999 xx 000 0 eng d
040 _cIIA Library
080 _a083:51
_bSCH
100 _aSchlomilch, O.
_91498
245 0 _aFunfstellige logarithmisch und trigonometrische Tafeln
_cO. Schlomilch
260 _aBraunschweig
_bDruck Und Verlag
_c1866
300 _axxvi, 170p.
650 _aArchives
650 _aTables-Trigonometry
_91499
650 _aTrigonometry-Tables
_91500
942 _cBK
999 _c702
_d702